000 02616nam a22003737a 4500
001 42835
003 gtgccic
005 20260317124022.0
007 ta
008 260317b gt ||||| |||| 00| 0 spa d
040 _agtgccic
_bspa
_cgtgccic
_erda
084 _0TPI-18-0142
100 1 0 _aOrlando José Páez Rodríguez
_dIngeniero Mecánico Electricista
_eautor
245 1 0 _aCoordinación de protecciones eléctricas de transformadores de una
_bplanta cementera /
_cPáez Rodríguez, Orlando José
264 1 0 _aGuatemala :
_bUSAC, Facultad de Ingeniería ;
_c2018 .-
300 _a57 p. :
_bil. ;
_c28 cm
336 _2rdacontenido
_aTexto
_btxt
337 _2rdamedio
_asin mediación
_bn
338 _2rdasoporte
_avolumen
_bnc
502 _aTesis Posgrado
_bMAESTRO EN ARTES EN ENERGÍA Y AMBIENTE
_cUSAC, Facultad de Ingeniería, Escuela de Posgrado
_d2018
_oTPI-18-0142
504 _aBibliografía pag. 55
505 _t1. MARCO TEÓRICO (La industria del cemento)
505 _t2. COMPILACIÓN E INTERPRETACIÓN DE DATOS (Valores límite de transformadores)
505 _t3. INTERPRETACIÓN Y SIMULACIÓN DE NUEVOS PARÁMETROS DE PROTECCIÓN ELÉCTRICA
505 _t4. MODIFICACIÓN Y SIMULACIÓN DE PARÁMETROS PARA NUEVA CURVA DE PROTECCIÓN ELÉCTRICA
505 _t5. PRESENTACIÓN DE RESULTADOS
505 _t6. DISCUSIÓN DE RESULTADOS
520 _aLas protecciones eléctricas que se encuentran en la industria protegen a los equipos y procesos de fallos de energía internas como externas. En una planta cementera donde ocurren cambios repentinos de energía, por arranque de equipos de gran dimensión, se debe tener una coordinación apropiada que pueda distinguir entre arranques de equipos y una falla real en el sistema eléctrico. A través de la recopilación y análisis de mediciones eléctricas en los puntos de interés, se evaluaron los valores máximos que alcanzan los equipos durante su arranque y los valores promedio de operación continua. Utilizando el software para coordinación eléctrica ETAP, se compilaron los parámetros e información de los equipos de protección instalados y datos técnicos de las instalacines eléctricas de la planta. Con el software se desplegó gráficamente las curvas de disparo configuradas actualmente a los equipos, para analizar contra los valores de operación de la planta y verificar si cumplen con las especificaciones eléctricas demandadas.
650 _aINSTALACIONES ELÉCTRICAS
650 _aPLANTAS
700 _aMsc. Ing. Juan Sebastián De León Regil Wald
_easesor
942 _2ddc
_cTPS
945 _aamlo
999 _c2730
_d2730